Arctic Monkeys Lyrics - Don't Forget Whose Legs You're On - Statistics

General Stats
  • This quiz has been taken 12 times
  • The average score is 118 of 169
Answer Stats
Lyrics % Correct
a
100%
And
100%
and
100%
Don't
100%
for
100%
forget
100%
I
100%
In
100%
legs
100%
on
100%
That
100%
that
100%
The
100%
the
100%
there
100%
whose
100%
you
100%
your
100%
you're
100%
her
86%
it
86%
of
86%
she
86%
She
86%
shoes
86%
there's
86%
To
86%
to
86%
from
71%
go
71%
had
71%
me
71%
my
71%
no
71%
step
71%
up
71%
affect
57%
answers
57%
blow
57%
bottle
57%
caps
57%
child
57%
congregate
57%
dancer
57%
down
57%
enhancer
57%
faces
57%
fountain
57%
full
57%
glass
57%
handsome
57%
lap
57%
leave
57%
light
57%
mating
57%
picks
57%
-proof
57%
questions
57%
rock
57%
rush
57%
sat
57%
season
57%
Shaped
57%
shavings
57%
show
57%
size
57%
Stone
57%
stone
57%
sun
57%
tap
57%
them
57%
throttle
57%
yellow
57%
alone
43%
blower,
43%
brown
43%
cuts
43%
important
43%
painted
43%
people
43%
seem
43%
Start
43%
they
43%
those
43%
vivid
43%
Well,
43%
When
43%
when
43%
With
43%
absorbent
29%
Although
29%
catch
29%
furniture
29%
Like
29%
more,
29%
arc
14%
moment
14%
scimitar
14%
second
14%
sharpened
14%
floor
0%
homes,
0%
No matching quizzes found
Score Distribution
Percent of People with Each Score
Percentile by Number Answered
Your Score History
You have not taken this quiz